000 00887nam a2200205Ia 4500
999 _c51205
_d51205
001 18164
003 GE_BSU
005 20250130155439.0
008 181216s2005||||ge |||||||||||||| ||geo||
020 _a9994025910
040 _cGE_BSU
041 _ageo
080 _a811.133.1+811.353.1
100 _aსურგულაძე, ნატალია
_95439
245 _aზოონიმებისა და ანიმალური სომატიზმების შემცვლელი ფრაზეოლოგიზმების სისტემა ფრანგულ ენაში /
_cნატალია სურგულაძე.
264 _aბათუმი :
_bბათუმის უნივერსიტეტი,
_c2005.
300 _a35 გვ.;
_b21 სმ.
653 _aფრანგული ენა
942 _cBK
_2udc